000 00486nam a2200181Ia 4500
008 240925s9999 xx 000 0 und d
020 _a9788130932477
082 _a658.4092 CUE
100 _aCuervo, Jorge
245 0 _aLeaders Don't Command: inspire growth, ingenuity, and collaboration
250 _aNA
260 _aNew Delhi:
_bViva Books
_c,2017.
300 _a147p.
_b0
_fOriginal
500 _aIncludes Index
600 _aManagement
650 _aManagement
942 _cBK
999 _c16149
_d16149